000 03559nam a2200421 a 4500
003 CHAP
005 20250128125102.0
007 ta
008 250128s2013 sp abdofr|||| 001 0 spa d
020 _a978-84-282-1598-5
040 _amxchpua
_cCHAP
_erda
041 _aspa
_bspa
_fspa
_hfre
050 1 0 _aSB388
_b.R49 2013
082 0 0 _220
_a634.8
_bR49 2013
100 1 _aReynier, Alain
_997074
240 1 _aManuel de viticulture.
_lEspañol
245 1 0 _aManual de viticultura /
_cAlain Reynier ; traductor Manuel Pijoan
250 _a11a edición
264 _aBarcelona, España :
_bOmega,
_c2013
300 _axiv, 593 páginas :
_bilustraciones, mapas, gráficas, diagramas, tablas, fotos
336 _2rdacontent
_atexto
_btxt
337 _2rdamedia
_asin medio
_bn
338 _2rdacarrier
_avolumen
_bnc
505 0 _aPrólogo -- LAS VIDES CULTIVADAS -- 1. Ampelografía y mejora vegetal. -- 2. Morfología y anatomía de la vid. -- 3. Fisiología de la vid. -- INSTALACION DE UNA PARCELA DE LA VIÑA -- 1. Producción de los pies de la viña. -- 2. Reglamentación de las plantaciones. -- 3. Acondicionamiento del terreno. -- 4. Razonamiento de las alternativas técnicas antes de la plantación. -- 5. Ejecución de la plantación. -- CONDUCCIÓN DEL VIÑEDO. -- 1. Técnicas de regeneración de las vides. -- 2. Razonamiento y realización del mantenimiento del suelo. -- 3. Razonamiento de la fertilización. -- 4. Razonamiento y práctica de la poda. -- 5. Razonamiento y realización de las operaciones en verde. -- 6. Razonamiento y organización de la recolección. -- EL ESTADO SANITARIO DEL VIÑEDO. 1. Enfermedades fisiológicas. -- 2. Accidentes climáticos. -- 3. Enfermedades y plagas de decaimiento. -- 4. Enfermedades del follaje y de los racimos. -- 5. Plagas que afectan a la vegetación o los racimos. -- 6. Puesta en práctica de la protección fitosanitaria en una explotación vitícola. -- Páginas WEB útiles. -- Índice alfabético.
520 2 _aTotalmente renovada y puesta al día, tiene en cuenta temas llenos de actualidad, tales como las perspectivas de futuro en la cuestión de las variedades y de los portainjertos, las novedades en cuanto a la reglamentación vinícola (derechos de las plantaciones y consecuencias de la integración de la viticultura en la PAC), las soluciones alternativas al uso de herbicidas químicos, las medidas profilácticas y las claves de decisión para limitar el decaimiento de las cepas, las nuevas obligaciones en cuanto a la elección y utilización de productos fitosanitarios y la reducción de las entradas o inputs… Fácil de entender y bien documentada, esta obra consta de cuatro partes: · Una presentación de los conocimientos ampelográfico, anatómico y fisiológico de las vides cultivadas. · Una guía de la plantación de una parcela de viña. · Una guía de las intervenciones realizadas en las viñas que están en producción. · Una guía sanitaria del viñedo
650 1 7 _aViticultura
_xFrancia
_2atg
_9120059
650 1 3 _aUvas de vino
_xVariedades
_2atg
_9162127
650 1 3 _aViñas
_2atg
_9162337
650 1 3 _aVinificación
_xOptimización
_2atg
_9159564
650 1 3 _aIndustria del vino
_2atg
_9151418
650 1 3 _aViticulture
_xFrance
_2atg
_9189967
650 1 3 _aWine grapes
_xVarieties
_2atg
_9162128
650 1 3 _aVineyards
_2atg
_9162336
650 1 3 _aWinemaking
_xOptimization
_2atg
_9159566
650 1 3 _aWine industry
_2atg
_9151419
700 1 _aPijoan, Manuel
_9146547
_etraductor
942 _2ddc
_cLIBRO
999 _c220396
_d220396